01361nam a2200349Ia 4500001001200000003000800012006001900020007001500039008004100054010001700095020001500112020002800127040002100155035002000176050002300196082001500219100003000234245014300264260005600407300002500463490001300488504006700501533015200568650002300720650002800743650002100771655002900792710001700821830003000838856012600868999001700994ebr10021635CaPaEBRm u cr cn|||||||||000404s2001 mdua sb 001 0 eng d z 00008955  z0801876818 z0801864879 (alk. paper) aCaPaEBRcCaPaEBR a(OCoLC)5148115314aZ1003b.R97 2001eb04a028/.92211 aRyan, Marie-Laure,d1946-10aNarrative as virtual realityh[electronic resource] :bimmersion and interactivity in literature and electronic media /cMarie-Laure Ryan. aBaltimore :bJohns Hopkins University Press,c2001. axiii, 399 p. :bill.1 aParallax aIncludes bibliographical references (p. [375]-388 ) and index. aElectronic reproduction.bPalo Alto, Calif. :cebrary,d2013.nAvailable via World Wide Web.nAccess may be limited to ebrary affiliated libraries. 0aBooks and reading. 0aInteractive multimedia. 0aVirtual reality. 7aElectronic books.2local2 aebrary, Inc. 0aParallax (Baltimore, Md.)40uhttp://site.ebrary.com/lib/rucke/Doc?id=10021635zAn electronic book accessible through the World Wide Web; click to view c10328d10328